000
00323nam a2200145Ia 4500
100
_a
Cottrell A.
942
_c
BK
654
_a
Introduction to Metallurgy
245
_a
Introduction to Metallurgy
260
_b
Edward Arnold .
_a
London
_c
1982
082
_a
669
_b
Cot
300
_a
548
546
_a
ENGLISH
999
_c
26939
_d
26939